NATURAL LANGUGE PROCESSING (Record no. 635528)

MARC details
000 -LEADER
fixed length control field 00346pam a2200157a 44500
008 - FIXED-LENGTH DATA ELEMENTS--GENERAL INFORMATION
fixed length control field 230515b2004 xxu||||| |||| 00| 0 eng d
020 ## - INTERNATIONAL STANDARD BOOK NUMBER
International Standard Book Number NULL
041 ## - LANGUAGE CODE
Language code of text/sound track or separate title ENGLISH
082 ## - DEWEY DECIMAL CLASSIFICATION NUMBER
Classification number 123
100 ## - MAIN ENTRY--PERSONAL NAME
Personal name BHARATI A &CHITANYA
245 ## - TITLE STATEMENT
Title NATURAL LANGUGE PROCESSING
250 ## - EDITION STATEMENT
Edition statement 2004
260 ## - PUBLICATION, DISTRIBUTION, ETC.
Place of publication, distribution, etc. NULL
Name of publisher, distributor, etc. NA
Date of publication, distribution, etc. 2004
300 ## - PHYSICAL DESCRIPTION
Extent 95
650 ## - SUBJECT ADDED ENTRY--TOPICAL TERM
Topical term or geographic name entry element NULL
Holdings
Withdrawn status Lost status Damaged status Not for loan Home library Current library Shelving location Date acquired Source of acquisition Cost, normal purchase price Total Checkouts Full call number Barcode Date last seen Price effective from Koha item type
        College of Engineering, Pune College of Engineering, Pune   25/01/2008 NULL 95.00   123 ECP-G-21731 28/06/2023 28/06/2023 Book